| 000 | 00546nam a22001337a 4500 | ||
|---|---|---|---|
| 040 | _cRUA | ||
| 082 | _aLMA PEO 2015 B495 Or.1 | ||
| 100 | _aPEOU HEAL; ពៅ ហ៊ាល | ||
| 245 | _aStudy on dang tong urban land use planning kampot province, សិក្សាអំពីការធ្វើផែនការប្រើប្រាស់ដីធ្លីទីប្រជុំជនដងទង់ ខេត្តកំពត | ||
| 260 |
_aRUA _bPEO _c2015 |
||
| 300 |
_aviii,48p. _bill. _c29cm. |
||
| 856 | _u PEOU HEAL | ||
| 942 | _cLMA | ||
| 999 |
_c10484 _d10484 |
||